El Mediterráneo y el mundo mediterráneo en la época de Felipe II
Gespeichert in:
| 1. Verfasser: | |
|---|---|
| Format: | Buch |
| Sprache: | Spanisch |
| Veröffentlicht: |
Ciudad de México
Fondo de Cultura Económica
1976
|
| Ausgabe: | 2a. ed |
| Schriftenreihe: | Sección de Obras de Historia
|
| Schlagworte: | |
| Tags: |
Tag hinzufügen
Keine Tags, Fügen Sie den ersten Tag hinzu!
|
MARC
| LEADER | 00000cam a2200000 a 4500 | ||
|---|---|---|---|
| 001 | UCT4735 | ||
| 003 | CL-VaPUC | ||
| 008 | 961122e19760000MX |||||||||||||||||spa|d | ||
| 020 | |a 9681607740o.c | ||
| 020 | |a 9681607759v.1 | ||
| 082 | 0 | 4 | |a 940.232 |b BRA |2 21 |
| 100 | 0 | |a Braudel, Fernand |e author |9 373994 | |
| 245 | 1 | 3 | |a El Mediterráneo y el mundo mediterráneo en la época de Felipe II |
| 250 | |a 2a. ed | ||
| 300 | |a v | ||
| 942 | |c BK | ||
| 945 | |d 19961122 00:00:00 |a rleighto | ||
| 260 | |a Ciudad de México |b Fondo de Cultura Económica |c 1976 | ||
| 650 | 0 | |a Historia |9 255047 | |
| 650 | 0 | |a Historia social |9 313638 | |
| 650 | 0 | |a Economía |9 255568 | |
| 650 | 0 | |a Civilizaciones |9 267192 | |
| 651 | 0 | |a Europa |9 255156 | |
| 583 | |a last modification |c 20160620 04:32:03 |k Rodrigo Vera | ||
| 490 | 0 | |a Sección de Obras de Historia | |
| 999 | |c 253911 |d 253909 | ||
| 952 | |0 0 |1 0 |4 0 |6 940_232000000000000_BRA_1976 |7 0 |8 A |9 275087 |a BIBHIS |b BIBHIS |d 2019-11-19 |h v.1 |i 3252116 |l 12 |m 9 |o 940.232 BRA 1976 |p 3252116 |q 2025-05-22 |r 2025-04-22 |s 2025-04-22 |w 2019-11-19 |y BK |k HIS | ||
| 952 | |0 0 |1 0 |4 0 |6 940_232000000000000_BRA_1976 |7 0 |8 A |9 275088 |a BIBHIS |b BIBHIS |d 2019-11-19 |h v.2 |i 3252124 |l 1 |o 940.232 BRA 1976 |p 3252124 |r 2025-01-20 |s 2022-08-22 |w 2019-11-19 |y BK |k HIS | ||
| 952 | |0 0 |1 0 |4 0 |6 940_232000000000000_BRA_1976 |7 0 |8 A |9 275089 |a BIBHIS |b BIBHIS |d 2019-11-19 |h v.1 |i 136930K |o 940.232 BRA 1976 |p 136930K |r 2025-01-20 |w 2019-11-19 |y BK |k HIS | ||
| 952 | |0 0 |1 0 |4 0 |6 940_232000000000000_BRA_1976 |7 0 |8 A |9 275090 |a BIBHIS |b BIBHIS |d 2019-11-19 |h v.2 |i 1369318 |o 940.232 BRA 1976 |p 1369318 |r 2025-01-20 |w 2019-11-19 |y BK |k HIS | ||
| 952 | |0 0 |1 0 |3 erb |4 0 |6 940_232000000000000_BRA_1976 |7 0 |8 A |9 275091 |a FDOHBE |b FDOHBE |e Huesbe Llanos, Marco Antonio, 1934- |h v.1 |i 5333881 |l 2 |m 1 |o 940.232 BRA 1976 |p 5333881 |r 2024-01-30 |s 2020-04-23 |w 2019-11-19 |y BK |z Catalogado en:20160623 |k HBE | ||